[Event "English Open Championship"]
[Site "Kenilworth"]
[Date "2023.05.28"]
[Round "6.8"]
[White "Gormally, Daniel W"]
[Black "Hobson, Kenneth"]
[Result "1-0"]
[WhiteElo "2434"]
[BlackElo "2104"]
[PlyCount "65"]
[EventDate "2023.05.26"]
[EventType "swiss"]
[EventRounds "7"]
[EventCountry "ENG"]
[SourceTitle "BritBase"]
[Source "John Saunders"]
[SourceDate "2023.05.30"]
[SourceVersion "1"]
[SourceVersionDate "2023.05.30"]
[SourceQuality "1"]

1. d4 Nf6 2. c4 e6 3. Nf3 d5 4. g3 Be7 5. Bg2 O-O 6. Nbd2 c6 7. O-O Nbd7 8. Qc2
b6 9. e4 Bb7 10. e5 Ne8 11. cxd5 exd5 12. Re1 Nc7 13. Nf1 Ne6 14. Ne3 c5 15.
Nf5 Rc8 16. h4 cxd4 17. Qd1 d3 18. Qxd3 Ndc5 19. Qd1 Re8 20. N3d4 Nxd4 21. Qxd4
Ne4 22. e6 Bf6 23. exf7+ Kxf7 24. Qd1 Be5 25. Qb3 Nc5 26. Qf3 Kg8 27. Qg4 Qc7
28. Bh6 Bxb2 29. Rad1 Rxe1+ 30. Rxe1 Ne4 31. Bf4 Be5 32. Nh6+ Kf8 33. Qf5+ 1-0

[Event "English Open Championship"]
[Site "Kenilworth"]
[Date "2023.05.28"]
[Round "6.9"]
[White "Seymour, Timothy P"]
[Black "Jackson, James P"]
[Result "0-1"]
[WhiteElo "2094"]
[BlackElo "2393"]
[PlyCount "102"]
[EventDate "2023.05.26"]
[EventType "swiss"]
[EventRounds "7"]
[EventCountry "ENG"]
[SourceTitle "BritBase"]
[Source "John Saunders"]
[SourceDate "2023.05.30"]
[SourceVersion "1"]
[SourceVersionDate "2023.05.30"]
[SourceQuality "1"]

1. Nf3 Nf6 2. e3 g6 3. b3 Bg7 4. Bb2 O-O 5. d4 b6 6. Be2 Bb7 7. O-O c5 8. c4 d6
9. Qc2 e6 10. Nc3 a6 11. Rad1 Qc7 12. Rfe1 Nbd7 13. a4 Rfe8 14. h3 Rad8 15. d5
e5 16. Rf1 Rf8 17. g3 Kh8 18. Kg2 Ng8 19. e4 Rde8 20. h4 Ndf6 21. Ne1 Bc8 22.
Nd3 Qd8 23. Rh1 h5 24. Rde1 Nh6 25. Bc1 Nh7 26. Rhf1 Qd7 27. Rh1 f5 28. f4 fxe4
29. Nxe4 Nf5 30. fxe5 Nd4 31. Qd1 dxe5 32. a5 Nf6 33. Ndf2 Nxe4 34. Nxe4 Qc7
35. Ba3 Bf5 36. Bd3 Bg4 37. axb6 Qxb6 38. Bxc5 Qc7 39. Qb1 Bf3+ 40. Kh2 Bxe4
41. Bxd4 Bxh1 42. Bxg6 exd4 43. Rxe8 Rxe8 44. Bxe8 Bf3 45. Qf5 Bg4 46. Qg5 Qe5
47. Qxe5 Bxe5 48. c5 d3 49. b4 d2 50. Ba4 d1=Q 51. Bxd1 Bxd1 0-1

[Event "English Open Championship"]
[Site "Kenilworth"]
[Date "2023.05.28"]
[Round "6.11"]
[White "Shearsby, Jude"]
[Black "Ashton, Adam G"]
[Result "1/2-1/2"]
[WhiteElo "2102"]
[BlackElo "2344"]
[PlyCount "30"]
[EventDate "2023.05.26"]
[EventType "swiss"]
[EventRounds "7"]
[EventCountry "ENG"]
[SourceTitle "BritBase"]
[Source "John Saunders"]
[SourceDate "2023.05.30"]
[SourceVersion "1"]
[SourceVersionDate "2023.05.30"]
[SourceQuality "1"]

1. e4 e5 2. Nf3 Nc6 3. d4 exd4 4. Bc4 Nf6 5. O-O Nxe4 6. Re1 d5 7. Bxd5 Qxd5 8.
Nc3 Qh5 9. Nxe4 Be6 10. Bg5 Bd6 11. Nxd6+ cxd6 12. Bf4 Qd5 13. c3 O-O 14. Nxd4
Nxd4 15. Qxd4 Qxd4 1/2-1/2

[Event "English Open Championship"]
[Site "Kenilworth"]
[Date "2023.05.28"]
[Round "6.12"]
[White "Ismail, Mohammed Aayan"]
[Black "Jakhria, Kushal"]
[Result "1/2-1/2"]
[WhiteElo "2209"]
[BlackElo "1815"]
[PlyCount "143"]
[EventDate "2023.05.26"]
[EventType "swiss"]
[EventRounds "7"]
[EventCountry "ENG"]
[SourceTitle "BritBase"]
[Source "John Saunders"]
[SourceDate "2023.05.30"]
[SourceVersion "1"]
[SourceVersionDate "2023.05.30"]
[SourceQuality "1"]

1. Nf3 Nf6 2. c4 g6 3. b3 Bg7 4. Bb2 O-O 5. g3 b6 6. Bg2 Bb7 7. O-O c5 8. e3
Nc6 9. d4 cxd4 10. Nxd4 d5 11. Nxc6 Bxc6 12. Nd2 Qd7 13. Qe2 dxc4 14. Bxc6 Qxc6
15. Nxc4 Rac8 16. Rac1 Rfd8 17. Rfd1 Rxd1+ 18. Rxd1 Ne4 19. Bxg7 Kxg7 20. Qd3
Ng5 21. Qd4+ Kg8 22. Qd5 Qf6 23. f4 Ne6 24. Qb7 Rc7 25. Qe4 Qc3 26. Qd3 Qxd3
27. Rxd3 b5 28. Nd2 Rc1+ 29. Nf1 b4 30. Rd7 Rc7 31. Rd2 a5 32. Rd5 Nc5 33. Nd2
a4 34. Rd4 axb3 35. axb3 Na6 36. Kf2 Rc2 37. Ke2 f6 38. Rc4 Rxc4 39. bxc4 Nc5
40. Kd1 Kf7 41. Kc2 Ke6 42. Nb3 Kd6 43. Nd4 e5 44. fxe5+ fxe5 45. Nf3 Ne4 46.
Kd3 Nf2+ 47. Ke2 Ng4 48. Kd3 Kc5 49. Nd2 Nxh2 50. Nb3+ Kd6 51. c5+ Kc6 52. Kc4
Nf1 53. Na5+ Kc7 54. Kd5 Nxe3+ 55. Kxe5 Ng4+ 56. Kf4 Nf6 57. Kg5 Ng8 58. g4 Kd7
59. Kf4 h6 60. Nc4 b3 61. Ke3 h5 62. gxh5 gxh5 63. Kd2 h4 64. Ne5+ Kc7 65. Kc3
h3 66. Nf3 Kc6 67. Kxb3 Kxc5 68. Kc3 Kd5 69. Kd3 Nf6 70. Ke2 Nh5 71. Kf2 Kc4
72. Ng5 1/2-1/2

[Event "English Open Championship"]
[Site "Kenilworth"]
[Date "2023.05.28"]
[Round "6.13"]
[White "Yoon, Jacob D"]
[Black "Derakhshani, Borna"]
[Result "0-1"]
[WhiteElo "2035"]
[BlackElo "2359"]
[PlyCount "98"]
[EventDate "2023.05.26"]
[EventType "swiss"]
[EventRounds "7"]
[EventCountry "ENG"]
[SourceTitle "BritBase"]
[Source "John Saunders"]
[SourceDate "2023.05.30"]
[SourceVersion "1"]
[SourceVersionDate "2023.05.30"]
[SourceQuality "1"]

1. d4 Nf6 2. Nc3 d5 3. Bg5 h6 4. Bxf6 exf6 5. Nf3 c6 6. e3 Bd6 7. Bd3 Bg4 8. h3
Be6 9. Nh4 g6 10. f4 f5 11. Nf3 Nd7 12. Ne5 Nf6 13. g4 Ne4 14. Bxe4 Qh4+ 15.
Kd2 fxe4 16. Qe1 Qe7 17. Qf2 O-O-O 18. f5 gxf5 19. gxf5 Bd7 20. Nxd7 Qxd7 21.
Rag1 Rhg8 22. Ne2 Rg5 23. Rxg5 hxg5 24. Rg1 f6 25. Rg2 Rh8 26. Ng1 c5 27. dxc5
Bxc5 28. c3 Qa4 29. a3 Qb5 30. Kc1 Qd3 31. Rg3 Rh4 32. Qd2 Qf1+ 33. Kc2 Qxf5
34. Rg2 Qf1 35. Kb3 Qc4+ 36. Kc2 Bd6 37. Qd4 Qxd4 38. cxd4 Kd7 39. Kd2 Ke6 40.
Ke2 Rh8 41. Kd1 Kf5 42. Rf2+ Kg6 43. Ke2 f5 44. Kf1 f4 45. exf4 gxf4 46. Ne2 f3
47. Ng1 Rc8 48. Rd2 e3 49. Rd1 Rc2 0-1

[Event "English Open Championship"]
[Site "Kenilworth"]
[Date "2023.05.28"]
[Round "6.14"]
[White "Yao, Lan"]
[Black "Mikalajunas, Kajus"]
[Result "1-0"]
[WhiteElo "2278"]
[BlackElo "1828"]
[PlyCount "79"]
[EventDate "2023.05.26"]
[EventType "swiss"]
[EventRounds "7"]
[EventCountry "ENG"]
[SourceTitle "BritBase"]
[Source "John Saunders"]
[SourceDate "2023.05.30"]
[SourceVersion "1"]
[SourceVersionDate "2023.05.30"]
[SourceQuality "1"]

1. e4 d5 2. exd5 Nf6 3. d4 Bg4 4. Nf3 Qxd5 5. Be2 Nc6 6. c4 Qh5 7. Be3 O-O-O 8.
Nc3 e5 9. d5 e4 10. Nd2 Ne5 11. h3 Nd3+ 12. Kf1 Bxe2+ 13. Qxe2 Qg6 14. Kg1 Bd6
15. Ndxe4 Nxe4 16. Qxd3 f5 17. Nxe4 fxe4 18. Qe2 h5 19. h4 Rhf8 20. Rh3 Rf7 21.
c5 Be5 22. c6 Rxd5 23. cxb7+ Kxb7 24. Bg5 Rfd7 25. Rb3+ Kc8 26. Re1 R7d6 27. g3
Rd4 28. Qb5 R6d5 29. Qb8+ Kd7 30. Qd8+ Ke6 31. Qc8+ Kf7 32. Rb8 Qc6 33. Qg8+
Kg6 34. Re8 Kf5 35. Qf7+ Kg4 36. Rxe5 Rxe5 37. Qf4+ Kh3 38. g4 Rd3 39. Re3+
Rxe3 40. Qxe3+ 1-0

[Event "English Open Championship"]
[Site "Kenilworth"]
[Date "2023.05.28"]
[Round "6.15"]
[White "Alldritt, Nigel RE"]
[Black "Bradbury, Neil H"]
[Result "1/2-1/2"]
[WhiteElo "1954"]
[BlackElo "2215"]
[PlyCount "116"]
[EventDate "2023.05.26"]
[EventType "swiss"]
[EventRounds "7"]
[EventCountry "ENG"]
[SourceTitle "BritBase"]
[Source "John Saunders"]
[SourceDate "2023.05.30"]
[SourceVersion "1"]
[SourceVersionDate "2023.05.30"]
[SourceQuality "1"]

1. d4 Nf6 2. c4 e6 3. g3 c5 4. d5 exd5 5. cxd5 d6 6. Nc3 g6 7. Bg2 Bg7 8. Nf3
O-O 9. O-O Re8 10. Bf4 a6 11. a4 Qe7 12. Nd2 Nh5 13. Be3 Nd7 14. Nc4 Ne5 15.
Nxe5 Bxe5 16. Qd2 Rb8 17. a5 b5 18. axb6 Rxb6 19. Ra2 f5 20. Bg5 Qf7 21. h3 Nf6
22. Bf4 Bb7 23. Bxe5 Rxe5 24. Rd1 Rb4 25. e3 Kg7 26. f4 Re8 27. Rda1 Qe7 28.
Kf2 h5 29. Bf3 Rb8 30. Ra4 Rb6 31. R1a2 Bc8 32. Be2 Kf7 33. Bxa6 Bd7 34. Ra5 h4
35. Be2 hxg3+ 36. Kxg3 Rh8 37. Ra8 Ne4+ 38. Nxe4 Qh4+ 39. Kg2 Qxh3+ 40. Kf2
fxe4 41. Rxh8 Qxh8 42. Ra7 Qh4+ 43. Kg1 Qg3+ 44. Kh1 Qh3+ 45. Kg1 Rb8 46. Bf1
Qg3+ 47. Bg2 Qg4 48. Qc3 Rg8 49. Kf1 g5 50. Qc2 gxf4 51. Qxe4 Qd1+ 52. Kf2 Qd2+
53. Kf1 Qc1+ 54. Ke2 Qxb2+ 55. Kf1 Qc1+ 56. Ke2 Qb2+ 57. Kf1 Qc1+ 58. Ke2 Qb2+
1/2-1/2

[Event "English Open Championship"]
[Site "Kenilworth"]
[Date "2023.05.28"]
[Round "6.16"]
[White "Gordon, Sean"]
[Black "Boswell, Jacob Connor"]
[Result "0-1"]
[WhiteElo "1791"]
[BlackElo "2119"]
[PlyCount "104"]
[EventDate "2023.05.26"]
[EventType "swiss"]
[EventRounds "7"]
[EventCountry "ENG"]
[SourceTitle "BritBase"]
[Source "John Saunders"]
[SourceDate "2023.05.30"]
[SourceVersion "1"]
[SourceVersionDate "2023.05.30"]
[SourceQuality "1"]

1. c4 c5 2. Nf3 Nc6 3. Nc3 e5 4. g3 d6 5. Bg2 g6 6. d3 Bg7 7. O-O Nge7 8. a3
O-O 9. Rb1 a5 10. Bg5 f6 11. Bd2 Be6 12. Qc1 Qd7 13. Bh6 Bxh6 14. Qxh6 Bg4 15.
h3 Be6 16. Kh2 Kh8 17. Qd2 Nd4 18. Nxd4 cxd4 19. Nd5 Nxd5 20. cxd5 Bf7 21. e4
Kg7 22. f4 Qe7 23. Rbc1 Be8 24. fxe5 dxe5 25. h4 Qd6 26. Bh3 Bd7 27. Rc2 Bxh3
28. Kxh3 Rf7 29. Qc1 Raf8 30. Rcf2 Qd7+ 31. Kh2 Rc8 32. Rc2 Rcf8 33. Rcf2 a4
34. Kg2 h6 35. h5 f5 36. hxg6 Kxg6 37. Rh1 f4 38. Rf3 h5 39. Qd1 Qg4 40. Rh4
Qg5 41. Kh3 Kh6 42. g4 Rh8 43. Rxh5+ Kg7 44. Rxh8 Kxh8 45. Kg2 Qxg4+ 46. Kf2
Rh7 47. Qg1 Qh4+ 48. Ke2 Rg7 49. Qf2 Qh1 50. Qf1 Rg2+ 51. Rf2 f3+ 52. Kxf3 Rg1+
0-1

[Event "English Open Championship"]
[Site "Kenilworth"]
[Date "2023.05.28"]
[Round "6.17"]
[White "Pert, Max P"]
[Black "Southcott-Moyers, Indy"]
[Result "1/2-1/2"]
[WhiteElo "1848"]
[BlackElo "2040"]
[PlyCount "56"]
[EventDate "2023.05.26"]
[EventType "swiss"]
[EventRounds "7"]
[EventCountry "ENG"]
[SourceTitle "BritBase"]
[Source "John Saunders"]
[SourceDate "2023.05.30"]
[SourceVersion "1"]
[SourceVersionDate "2023.05.30"]
[SourceQuality "1"]

1. d4 d5 2. Nf3 Nf6 3. c4 c6 4. Nc3 dxc4 5. e4 b5 6. Be2 e6 7. O-O Be7 8. a4 b4
9. e5 bxc3 10. exf6 Bxf6 11. bxc3 O-O 12. Bxc4 Ba6 13. Qe2 Bxc4 14. Qxc4 Qd5
15. Qxd5 cxd5 16. Rb1 Nc6 17. Ba3 Rfc8 18. Rb7 Bd8 19. Bc5 Ba5 20. Rb3 Bd8 21.
Rfb1 Na5 22. R3b2 Nc4 23. Rb7 Bb6 24. g3 h6 25. Bxb6 axb6 26. Rb4 Ra6 27. Ne5
Nxe5 28. dxe5 Rxc3 1/2-1/2

[Event "English Open Championship"]
[Site "Kenilworth"]
[Date "2023.05.28"]
[Round "6.18"]
[White "Murawski, Jan"]
[Black "Badacsonyi, Frankie"]
[Result "1/2-1/2"]
[WhiteElo "1896"]
[BlackElo "1974"]
[PlyCount "76"]
[EventDate "2023.05.26"]
[EventType "swiss"]
[EventRounds "7"]
[EventCountry "ENG"]
[SourceTitle "BritBase"]
[Source "John Saunders"]
[SourceDate "2023.05.30"]
[SourceVersion "1"]
[SourceVersionDate "2023.05.30"]
[SourceQuality "1"]

1. d4 Nf6 2. c4 e6 3. Nc3 Bb4 4. Nf3 b6 5. g3 Bb7 6. Bg2 Bxc3+ 7. bxc3 d6 8.
O-O O-O 9. Bg5 h6 10. Bxf6 Qxf6 11. Nd2 Bxg2 12. Kxg2 Nc6 13. e4 e5 14. d5 Na5
15. Qa4 Qe7 16. Nb3 Nb7 17. Qa6 Nd8 18. a4 f5 19. f3 Qd7 20. Qb5 Qf7 21. a5 Qg6
22. Rae1 fxe4 23. fxe4 Rxf1 24. Kxf1 Nf7 25. Kg2 Ng5 26. Nd2 Rf8 27. h4 Nh7 28.
Qd7 Qf7 29. Qxf7+ Rxf7 30. axb6 axb6 31. Rf1 Nf6 32. Kh3 h5 33. Kg2 Rf8 34. Ra1
Ng4 35. Nf3 Ne3+ 36. Kf2 Nxc4 37. Ke2 Na5 38. Ng5 Rc8 1/2-1/2

[Event "English Open Championship"]
[Site "Kenilworth"]
[Date "2023.05.28"]
[Round "6.19"]
[White "Burrows, Martin P"]
[Black "De Coverly, Roger D"]
[Result "1-0"]
[WhiteElo "2131"]
[BlackElo "1945"]
[PlyCount "99"]
[EventDate "2023.05.26"]
[EventType "swiss"]
[EventRounds "7"]
[EventCountry "ENG"]
[SourceTitle "BritBase"]
[Source "John Saunders"]
[SourceDate "2023.05.30"]
[SourceVersion "1"]
[SourceVersionDate "2023.05.30"]
[SourceQuality "1"]

1. e4 e5 2. Nf3 Nc6 3. d4 exd4 4. Nxd4 Bb4+ 5. c3 Bc5 6. Be3 Bb6 7. Nf5 Bxe3 8.
Nxe3 d6 9. c4 Nf6 10. Nc3 O-O 11. Be2 Re8 12. f3 Nh5 13. O-O Nf4 14. Ncd5 Nxe2+
15. Qxe2 f5 16. exf5 Bxf5 17. Qd2 Bg6 18. f4 Be4 19. Rf2 Ne7 20. Nc3 Bc6 21. f5
Rf8 22. Raf1 Kh8 23. f6 gxf6 24. Rxf6 Rxf6 25. Rxf6 Ng6 26. Qf2 Qg8 27. Ncd5
Bxd5 28. Nxd5 c6 29. Ne3 Rf8 30. Rxf8 Qxf8 31. Qxf8+ Nxf8 32. Nf5 d5 33. cxd5
cxd5 34. Kf2 Kg8 35. Ne7+ Kf7 36. Nxd5 Ke6 37. Nc3 Ke5 38. Ke3 Ng6 39. g3 h5
40. Nb5 a6 41. Nd4 Ne7 42. Nf3+ Kf5 43. h3 Nd5+ 44. Kd4 Ne7 45. Ne5 Nc8 46. b4
Ke6 47. Nd3 Kf5 48. Nc5 Nd6 49. a4 Kg5 50. Ne4+ 1-0

[Event "English Open Championship"]
[Site "Kenilworth"]
[Date "2023.05.28"]
[Round "6.20"]
[White "Pal, Rohan"]
[Black "Merriman, James"]
[Result "1/2-1/2"]
[WhiteElo "1955"]
[BlackElo "2057"]
[PlyCount "181"]
[EventDate "2023.05.26"]
[EventType "swiss"]
[EventRounds "7"]
[EventCountry "ENG"]
[SourceTitle "BritBase"]
[Source "John Saunders"]
[SourceDate "2023.05.30"]
[SourceVersion "1"]
[SourceVersionDate "2023.05.30"]
[SourceQuality "1"]

1. c4 b6 2. g3 Bb7 3. Nf3 Bxf3 4. exf3 c5 5. d4 cxd4 6. Qxd4 Nc6 7. Qd1 g6 8.
Bg2 Bg7 9. O-O Rc8 10. Na3 Nf6 11. f4 O-O 12. Bd2 Ne8 13. Rb1 Nd6 14. b3 Nf5
15. Nc2 e6 16. Ne3 Nfd4 17. Bc3 Qe7 18. Kh1 Rfd8 19. Qd2 b5 20. cxb5 Nxb5 21.
Bxg7 Kxg7 22. Rfe1 Qb4 23. Rbd1 Qxd2 24. Rxd2 d5 25. Rc1 Nb4 26. Rxc8 Rxc8 27.
Bf1 Nc3 28. a3 Nb1 29. Rd1 Nxa3 30. Ra1 Nbc2 31. Nxc2 Nxc2 32. Rxa7 Rb8 33. Ra2
Nd4 34. Rd2 Nxb3 35. Rb2 Rb7 36. Kg2 Nc5 37. Rxb7 Nxb7 38. Kf3 Nd6 39. Ke3 Kf6
40. Bg2 h5 41. Bf3 Nf5+ 42. Kd3 Ke7 43. Bd1 Kd6 44. Ba4 Kc5 45. Be8 Nd6 46. Bd7
d4 47. Ba4 f6 48. Bb3 e5 49. fxe5 fxe5 50. f3 g5 51. h4 gxh4 52. gxh4 Nf5 53.
Bf7 Nxh4 54. Bxh5 Ng2 55. Bf7 Kd6 56. Bc4 Ke7 57. Ke4 Kf6 58. Bf1 Nf4 59. Bc4
Ne6 60. Bb5 Ng5+ 61. Kd3 Nxf3 62. Ke4 Ng5+ 63. Kd3 Kf5 64. Bd7+ Kf4 65. Bc6 Ne6
66. Bd5 Nc5+ 67. Kc4 Nd7 68. Kd3 Nf6 69. Bc6 Kf5 70. Bg2 Ke6 71. Kc4 Kd6 72.
Bh1 Nd7 73. Be4 Nb6+ 74. Kd3 Kc5 75. Bf3 Nd5 76. Ke4 Kd6 77. Kd3 Nc3 78. Kc4
Nb1 79. Bg2 Na3+ 80. Kb3 Nb5 81. Kc4 Nc3 82. Bf3 Ke6 83. Bg2 Kf5 84. Kd3 Kf4
85. Bh1 Nd1 86. Ke2 Ne3 87. Kd3 Ng4 88. Bg2 Nf2+ 89. Ke2 Kg3 90. Bc6 e4 91.
Bxe4 1/2-1/2

[Event "English Open Championship"]
[Site "Kenilworth"]
[Date "2023.05.28"]
[Round "6.21"]
[White "Patel, Zain"]
[Black "Jones, Steven A"]
[Result "0-1"]
[WhiteElo "1949"]
[BlackElo "2174"]
[PlyCount "46"]
[EventDate "2023.05.26"]
[EventType "swiss"]
[EventRounds "7"]
[EventCountry "ENG"]
[SourceTitle "BritBase"]
[Source "John Saunders"]
[SourceDate "2023.05.30"]
[SourceVersion "1"]
[SourceVersionDate "2023.05.30"]
[SourceQuality "1"]

1. d4 Nf6 2. Nf3 g6 3. c4 Bg7 4. Nc3 d5 5. cxd5 Nxd5 6. e4 Nxc3 7. bxc3 c5 8.
h3 Nc6 9. Be3 O-O 10. Be2 cxd4 11. cxd4 f5 12. exf5 Qa5+ 13. Qd2 Qxd2+ 14. Kxd2
Bxf5 15. Bc4+ Kh8 16. h4 Rad8 17. Kc3 Rc8 18. Rac1 b5 19. Bxb5 Nxd4+ 20. Kb4
Nc2+ 21. Ka4 a6 22. Be2 Rc3 23. Bxa6 Ra8 0-1

[Event "English Open Championship"]
[Site "Kenilworth"]
[Date "2023.05.28"]
[Round "6.22"]
[White "Sedykh, Mikhail"]
[Black "Bak, Christopher"]
[Result "1-0"]
[WhiteElo "2092"]
[BlackElo "2010"]
[PlyCount "65"]
[EventDate "2023.05.26"]
[EventType "swiss"]
[EventRounds "7"]
[EventCountry "ENG"]
[SourceTitle "BritBase"]
[Source "John Saunders"]
[SourceDate "2023.05.30"]
[SourceVersion "1"]
[SourceVersionDate "2023.05.30"]
[SourceQuality "1"]

1. d4 Nf6 2. c4 e6 3. Nc3 Bb4 4. Qc2 c5 5. dxc5 Na6 6. a3 Bxc3+ 7. Qxc3 Nxc5 8.
f3 Qc7 9. Bg5 e5 10. Bxf6 gxf6 11. b4 Ne6 12. e3 d5 13. Rd1 dxc4 14. Qxc4 Qxc4
15. Bxc4 Bd7 16. Ne2 Rc8 17. Rc1 Ke7 18. Kf2 Rc7 19. Bd3 Rcc8 20. Ng3 Ng7 21.
Be4 b6 22. Bb7 Rxc1 23. Rxc1 Kd8 24. a4 Ne8 25. a5 Nd6 26. Bd5 bxa5 27. bxa5 f5
28. Nh5 Bb5 29. Rc5 h6 30. Bxf7 a6 31. Ba2 e4 32. Ng7 Nb7 33. Ne6+ 1-0

[Event "English Open Championship"]
[Site "Kenilworth"]
[Date "2023.05.28"]
[Round "6.23"]
[White "Watson, Jacob"]
[Black "Payne, Matthew J"]
[Result "1/2-1/2"]
[WhiteElo "1886"]
[BlackElo "2153"]
[PlyCount "148"]
[EventDate "2023.05.26"]
[EventType "swiss"]
[EventRounds "7"]
[EventCountry "ENG"]
[SourceTitle "BritBase"]
[Source "John Saunders"]
[SourceDate "2023.05.30"]
[SourceVersion "1"]
[SourceVersionDate "2023.05.30"]
[SourceQuality "1"]

1. e4 e6 2. d4 d5 3. exd5 exd5 4. c4 Nf6 5. Nc3 Bb4 6. Bd3 dxc4 7. Bxc4 O-O 8.
Nge2 Nbd7 9. Bg5 Nb6 10. Bb3 c6 11. O-O Re8 12. Nf4 Qd6 13. Nd3 Bg4 14. Qc2
Bxc3 15. bxc3 Bf5 16. Bxf6 Qxf6 17. Qd2 Rad8 18. Rfe1 Nd7 19. Re3 Rxe3 20. fxe3
Qg5 21. Rf1 Nf6 22. Ne5 Be6 23. Bxe6 fxe6 24. Qe2 Rf8 25. e4 Qh4 26. g4 Qg5 27.
Kh1 h5 28. gxh5 Nxh5 29. Rxf8+ Kxf8 30. Qf2+ Kg8 31. Qf7+ Kh7 32. Nd3 Qg4 33.
Nf2 Qh4 34. Qf3 Nf4 35. e5 Qg5 36. Qg3 Qf5 37. Qh4+ Kg6 38. Qg3+ Kf7 39. Qf3
Qb1+ 40. Nd1 g5 41. Kg1 Qxa2 42. h4 Qd2 43. hxg5 Qe1+ 44. Kh2 Qh4+ 45. Kg1
Qxg5+ 46. Kf1 Ke7 47. Nf2 Nd5 48. Ne4 Qc1+ 49. Kf2 a5 50. Nd6 Qc2+ 51. Kf1 Qg6
52. c4 Nc7 53. Qb3 b5 54. cxb5 cxb5 55. Nxb5 Qf5+ 56. Kg2 Qe4+ 57. Kh3 Qh1+ 58.
Kg4 Qg1+ 59. Kh5 Qh2+ 60. Kg5 Qd2+ 61. Kg6 Nd5 62. Qg3 Nf4+ 63. Kh7 Qd3+ 64.
Qxd3 Nxd3 65. Nc3 Nb2 66. Kg6 a4 67. Kg5 a3 68. Kf4 Kd7 69. Na2 Kc6 70. Ke4 Na4
71. Kd3 Nb6 72. Kc3 Kd5 73. Kd3 Kc6 74. Kc3 Kb5 1/2-1/2

[Event "English Open Championship"]
[Site "Kenilworth"]
[Date "2023.05.28"]
[Round "6.24"]
[White "Liu, Jack"]
[Black "Dilley, Jason M"]
[Result "1-0"]
[WhiteElo "1915"]
[BlackElo "2059"]
[PlyCount "73"]
[EventDate "2023.05.26"]
[EventType "swiss"]
[EventRounds "7"]
[EventCountry "ENG"]
[SourceTitle "BritBase"]
[Source "John Saunders"]
[SourceDate "2023.05.30"]
[SourceVersion "1"]
[SourceVersionDate "2023.05.30"]
[SourceQuality "1"]

1. e4 g6 2. d4 Bg7 3. Nc3 d6 4. Be3 c6 5. Qd2 b5 6. Bd3 a6 7. a4 Bb7 8. Nf3 Nd7
9. O-O Qc7 10. axb5 cxb5 11. Nd5 Bxd5 12. exd5 Qb7 13. Qa5 Ngf6 14. Bxb5 Qxd5
15. c4 Qb7 16. d5 Rb8 17. Qxa6 O-O 18. Qxb7 Rxb7 19. Bd4 Nc5 20. Ra3 Rbb8 21.
b4 Nce4 22. Re1 Bh6 23. Ra2 Ng5 24. Nxg5 Bxg5 25. Ra5 Bd2 26. Rb1 Rfc8 27. f3
Ne8 28. Rb2 Bg5 29. Ba7 Ra8 30. Kf1 e6 31. Bc6 exd5 32. Bxa8 Rxa8 33. cxd5 Bf6
34. Rc2 Bd8 35. Bb6 Rb8 36. Bxd8 Rxd8 37. b5 1-0

[Event "English Open Championship"]
[Site "Kenilworth"]
[Date "2023.05.28"]
[Round "6.25"]
[White "Wilkinson, Daniel"]
[Black "Jackson, Edward"]
[Result "0-1"]
[WhiteElo "1994"]
[BlackElo "1968"]
[PlyCount "126"]
[EventDate "2023.05.26"]
[EventType "swiss"]
[EventRounds "7"]
[EventCountry "ENG"]
[SourceTitle "BritBase"]
[Source "John Saunders"]
[SourceDate "2023.05.30"]
[SourceVersion "1"]
[SourceVersionDate "2023.05.30"]
[SourceQuality "1"]

1. d4 d5 2. c4 e6 3. Nf3 Nf6 4. g3 Bb4+ 5. Bd2 Be7 6. Bg2 O-O 7. O-O c6 8. Qc2
b6 9. Rd1 Bb7 10. Bf4 Nbd7 11. Nbd2 Rc8 12. Qa4 a6 13. Qb3 c5 14. Ne5 cxd4 15.
Nxd7 Qxd7 16. cxd5 Bxd5 17. Bxd5 Qxd5 18. Rac1 Bc5 19. Qxd5 Nxd5 20. Nb3 Nxf4
21. gxf4 Rfd8 22. Nxc5 bxc5 23. Rc4 g6 24. Rdc1 d3 25. exd3 Rb8 26. b3 Rxd3 27.
Rxc5 Kg7 28. Rc6 a5 29. Ra6 Rb5 30. Rc7 Rd2 31. Rxe6 Rf5 32. Re4 Rxa2 33. Rc3
Rb2 34. Rg3 h5 35. Kg2 Rc2 36. Rg5 Kf6 37. Rxf5+ Kxf5 38. Re5+ Kxf4 39. Rxa5 h4
40. Ra4+ Kg5 41. h3 f5 42. Rb4 Rc3 43. f4+ Kh5 44. Rb8 Kh6 45. Rh8+ Kg7 46. Rb8
Rc2+ 47. Kg1 Kf7 48. Rb7+ Ke6 49. Rb5 Rd2 50. Re5+ Kf6 51. Re3 Rd4 52. Rf3 Ke6
53. Kf2 Kd5 54. Ke3 Rb4 55. Ke2 Ke4 56. Re3+ Kxf4 57. Rf3+ Ke5 58. Rc3 g5 59.
Kf3 g4+ 60. hxg4 fxg4+ 61. Ke3 Re4+ 62. Kd3 Kf4 63. Rc8 Re3+ 0-1

[Event "English Open Championship"]
[Site "Kenilworth"]
[Date "2023.05.28"]
[Round "6.26"]
[White "Paul, Nathanael"]
[Black "Verma, Shlok"]
[Result "0-1"]
[WhiteElo "2004"]
[BlackElo "1972"]
[PlyCount "76"]
[EventDate "2023.05.26"]
[EventType "swiss"]
[EventRounds "7"]
[EventCountry "ENG"]
[SourceTitle "BritBase"]
[Source "John Saunders"]
[SourceDate "2023.05.30"]
[SourceVersion "1"]
[SourceVersionDate "2023.05.30"]
[SourceQuality "1"]

1. d4 d5 2. Nc3 Nf6 3. Bf4 c5 4. e4 Nxe4 5. Nxe4 dxe4 6. dxc5 Qxd1+ 7. Rxd1 Nc6
8. Bc4 e5 9. Be3 Be7 10. c3 O-O 11. Bd5 Bf5 12. Ne2 Rad8 13. Ng3 Bg4 14. Rd2
Rxd5 15. Rxd5 Be6 16. Rd1 f5 17. Bc1 Bxc5 18. O-O Bc4 19. Rfe1 Bd3 20. Nf1 f4
21. Nd2 e3 22. fxe3 Bxe3+ 23. Kh1 Bc2 24. Nc4 Bxd1 25. Rxd1 Bxc1 26. Rxc1 Rd8
27. a4 Kf7 28. Kg1 Kf6 29. Kf2 Kf5 30. Ke2 e4 31. Rf1 Rd3 32. a5 Ne5 33. Nd2 g5
34. a6 b6 35. Ra1 g4 36. Ra4 f3+ 37. gxf3 gxf3+ 38. Ke1 f2+ 0-1